000 00570nam a2200205 a 4500
001 23366
003 CO-ViMGA
008 141112s2004 ck r 000 u spa d
020 _a8495501171
040 _aCO-ViMGA
_bspa
_cCO-ViMGA
082 0 4 _a920 T677m
100 1 _aTorres, Maruja
_924498
245 1 0 _aMujer en guerra :
_bmás masters da la vida /
_cMaruja Torres
260 _aEspaña :
_bSuma de letras
300 _a318 p.
490 _aPunto de lectura; 18
650 1 4 _aCrónicas de guerra
_933703
650 1 4 _aMujeres - Biografías
_97951
942 _2ddc
_cBK
999 _c31581
_d31581